Statistics for 日本の世界遺産

Click here to take the quiz!

General Stats

  • This quiz has been taken 12 times
  • The average score is 10 of 25

Answer Stats

No.資産名記載年% Correct
13知床平成17年
100%
4白神山地平成5年
89%
7原爆ドーム平成8年
89%
3屋久島平成5年
78%
2姫路城平成5年
67%
5古都京都の文化財(京都市、宇治市、大津市)平成6年
67%
8厳島神社平成8年
67%
9古都奈良の文化財平成10年
56%
15小笠原諸島平成23年
56%
6白川郷・五箇山の合掌造り集落平成7年
44%
10日光の社寺平成11年
44%
18富岡製糸場と絹産業遺産群平成26年
33%
1法隆寺地域の仏教建造物平成5年
33%
14石見銀山遺跡とその文化的景観平成19年
22%
12紀伊山地の霊場と参詣道平成16年
22%
17富士山-信仰の対象と芸術の源泉-平成25年
22%
11琉球王国のグスク及び関連遺産群平成12年
22%
20ル・コルビュジエの建築作品-近代建築運動への顕著な貢献-平成28年
22%
25北海道・北東北の縄文遺跡群令和3年
22%
24奄美大島、徳之島、沖縄島北部及び西表島令和3年
11%
16平泉-仏国土(浄土)を表す建築・庭園及び考古学的遺跡群-平成23年
0%
19明治日本の産業革命遺産 製鉄・製鋼、造船、石炭産業平成27年
0%
21「神宿る島」宗像・沖ノ島と関連遺産群平成29年
0%
22長崎と天草地方の潜伏キリシタン関連遺産平成30年
0%
23百舌鳥・古市古墳群-古代日本の墳墓群-令和元年
0%

Score Distribution

Percentile by Number Answered

Percent of People with Each Score

Your Score History

You have not taken this quiz